Real Madrid Scorers in 2010s Champions League - Statistics

General Stats
  • This quiz has been taken 1,349 times
  • The average score is 24 of 36
Answer Stats
Player Nation Gls % Correct
Cristiano Ronaldo Portugal 105
100%
Karim Benzema France 48
100%
Gareth Bale Wales 16
99%
Luka Modrić Croatia 4
97%
Ángel Di María Argentina 8
95%
Sergio Ramos Spain 8
95%
Toni Kroos Germany 2
95%
Marcelo Brazil 9
92%
Gonzalo Higuaín Argentina 8
89%
James Rodríguez Colombia 2
88%
Casemiro Brazil 4
85%
Dani Carvajal Spain 1
83%
Isco Spain 5
82%
Pepe Portugal 1
80%
Marco Asensio Spain 6
79%
Mesut Özil Germany 4
78%
Sami Khedira Germany 1
75%
Javier Hernández Mexico 1
73%
Raphaël Varane France 2
72%
Mariano Dominican Rep. 1
67%
Mateo Kovačić Croatia 2
67%
Nacho Fernandez Spain 2
63%
Emmanuel Adebayor Togo 2
62%
Raúl Spain 2
59%
Kaká Brazil 5
56%
Lucas Vázquez Spain 3
55%
Álvaro Morata Spain 4
53%
Álvaro Arbeloa Spain 3
49%
Raúl Albiol Spain 1
35%
Jesé Spain 1
33%
Guti Spain 1
29%
José Callejón Spain 7
25%
Royston Drenthe Netherlands 1
21%
Borja Mayoral Spain 1
15%
Pedro León Spain 1
8%
Álvaro Medrán Spain 1
2%
No matching quizzes found
Score Distribution
Percent of People with Each Score
Percentile by Number Answered
Your Score History
You have not taken this quiz